Statistics for Can you guess the WWE Women Wrestler With Only One Clue?

Click here to take the quiz!

General Stats

  • This quiz has been taken 175 times
  • The average score is 10 of 16

Answer Stats

ClueAnswer% Correct
This women is married to Daniel BryanBrie Bella
92%
won the first ever women main event at wrestlemaniaBecky Lynch
87%
Won the first ever womens hell in a cell matchCharlotte Flair
87%
She is the longest reigning divas champion everNikki Bella
84%
Longest reigning sd women championBayley
83%
she is the est of wweBianca Belair
82%
Daughter of Jimmy SnukaTamina
81%
Best Friends With AsukaKairi Sane
74%
On her debut match she won the divas championship while still being the nxt women champPaige
72%
She is a 7 time womens championTrish Stratus
66%
Won the first ever womens main event of rawLita
65%
Current Nxt Women Champion (october 2020)Io Shirai
42%
Her finisher is called protect ya neckMia Yim
34%
She won the first ever women steel cage matchVictoria
31%
on her debut match she won a battle royal and was crowned the new wwe women championGail Kim
24%
Finisher is a diving sentonShotzi Blackheart
19%

Score Distribution

Percentile by Number Answered

Percent of People with Each Score

Your Score History

You have not taken this quiz